01389nam a2200313   4500003000900000005001700009008004100026040004600067041000800113082002600121092000700147099003400154100004900188245014200237264006500379300004100444336002200485337002400507338003300531504006300564546010200627650004000729650002200769856005700791905001300848942001900861999001700880952017800897EG-GICUC20260121101206.0251110s1936    ua	||||fr|||| 00| 0 ara d  a EG-GICUCbarac EG-GICUCd EG-GICUCerda0 aara04221a341.6bع م . ج04221  aLaw1 11	341.6 ع م . ج 19360 aعمر طوسونcالاميرeمؤلف.12aالجيش المصرى فى الحرب الروسية المعروفة بحرب القرم 1853- 1855 /cالامير عمر طوسون.  aالاسكندرية :bمطبعة المستقبل,c1936 .  a250 صفحة :bصور ؛ c24 سم.  2rda contentatext  2rda mediaaComputer  2rda carrieraOnline Resource  aيحتوي على اراجاعات ببليوجرافية
  aالنص أغلبه باللغة العربية مع بعض النصوص الإنجليزية1 aالقانون الحربىzمصر1 aحرب القرم40uhttps://fll.law.cu.edu.eg/fulltext/bks/B11-04414.pdf  a75eYara  2ddcn0cBKe21  c42348d42348  00102ddc40718القانون الدولي العامaCUbLAW1d2025-11-10l0oLaw1 11	341.6 ع م . ج 1936 1104414	C1pB11-04414r2025-11-10 19:18:32t1w2025-11-10yBK